000 01961nam a2200301 i 4500
003 DO-SdBNP
005 20260114121206.0
006 a||||dr|||| 00| 0
007 ta
008 230927e1992 dr aodb| |||| 00| 0 spa d
040 _aDO-SdBNP
_bspa
_cBNPHU
_erda
082 4 _222
_a370.114
_bA445e, 1992
100 1 _aAlmanzar G., José Nicolás,
_d1935-
_eautor
_937769
245 1 0 _aEducación moral y cívica. /
_cJosé Nicolás Almánzar.
250 _a12a. edición, aumentada y actualizada
264 1 _a[Santo Domingo] :
_b[no identificado],
_c1992
300 _a200 páginas :
_bIlustraciones, fotografías, gráficas, mapas ;
_c27 cm.
336 _2rdacontent
_atexto
_btxt
337 _2rdamedia
_asin mediación
_bn
338 _2rdacarrier
_avolumen
_bnc
500 _aDeclarado como libro de texto por el Consejo Nacional de Educación mediante Resolución no. 175 en mayo de 1975. Ganó en 1975 el Premio Nacional de didáctica "Manuel de Jesús Peña y Reinoso".
505 _aDedicatoria.-- Nuestra intensión.
_tUnidad No. 1. La Sociedad.-- Unidad No. 2. Derechos y Deberes Ciudadanos.-- Unidad No. 3. Régimen Municipal, Provincial y Nacional.-- Unidad No. 4. Moral y Religión.-- Unidad No. 5. Gobierno y Soberanía.-- Unidad No. 6 El Poder.-- Unidad No. 7 el Poder Legislativo.-- Unidad No. 8 El Poder Judicial.-- Unidad No. 9. Sistemas Penitenciarios.-- Unidad No. 10 La Constitución del Estado.-- Unidad No. 11 el Poder Electoral y el Poder de la Prensa.-- Unidad No. 12 La Administración Pública.-- Unidad No. 13 El Trabajo.--
_tUnidad No. 14 Organismos Internacionales.-- Unidad No. 15 Reformas Constitucionales.-- Unidad No. 16 Elecciones Generales de 1978 y Reformas Constitucionales.-- Unidad No. 17 Elecciones Generales de 1982.
590 _aInventariado 2023 / MF
650 0 _aEducación cívica
_91206
650 0 _aEducación moral
_91607
651 0 _aRepública Dominicana
_xPolítica y gobierno
_945
942 _2ddc
_cLBS1
999 _c54980
_d54980